[Event "Niedersachsen-ch U16"]
[Site "Rotenburg/Wuemme"]
[Date "2005.03.22"]
[Round "6"]
[White "Woscholski, Rouven"]
[Black "Schiborr, Corinna"]
[Result "1/2-1/2"]
[WhiteElo "1483"]
[BlackElo "1419"]
[PlyCount "55"]
[EventDate "2005.03.19"]
[EventType "swiss"]
[EventRounds "9"]
[EventCountry "GER"]
[SourceTitle "EXT 2007"]
[Source "ChessBase"]
[SourceDate "2006.11.23"]
[SourceVersion "1"]
[SourceVersionDate "2006.11.23"]
[SourceQuality "1"]

1. e4 e5 2. Nf3 Nc6 3. Nc3 Bc5 4. Bc4 Nf6 5. a3 d6 6. h3 0-0 7. d3 Be6 8. Bxe6 fxe6 9. Na4 Bb6 10. Nxb6 axb6 11. 0-0 h6 12. Re1 Nh5 13. Nxe5 Nf4 14. Nxc6 bxc6 15. Qg4 Qf6 16. Bxf4 Qxf4 17. Qxe6+ Kh8 18. f3 Ra5 19. b4 Rg5 20. Re2 Qxf3 21. Rae1 Rf6 22. Qe8+ Kh7 23. Kh1 Qg3 24. Rg1 Rfg6 25. Qf7 Rh5 26. Qf2 Qe5 27. d4 Qe6 28. Kh2 1/2-1/2

[Event "Niedersachsen-ch U16"]
[Site "Rotenburg/Wuemme"]
[Date "2005.03.19"]
[Round "1"]
[White "Sauer, Norwin"]
[Black "Schiborr, Corinna"]
[Result "1-0"]
[WhiteElo "1692"]
[BlackElo "1419"]
[PlyCount "113"]
[EventDate "2005.03.19"]
[EventType "swiss"]
[EventRounds "9"]
[EventCountry "GER"]
[SourceTitle "EXT 2007"]
[Source "ChessBase"]
[SourceDate "2006.11.23"]
[SourceVersion "1"]
[SourceVersionDate "2006.11.23"]
[SourceQuality "1"]

1. d4 d5 2. c4 e6 3. Nc3 Nf6 4. Bg5 Be7 5. e3 0-0 6. Nf3 b6 7. Bd3 h6 8. Bh4 Bb7 9. 0-0 Nbd7 10. Rc1 c5 11. cxd5 exd5 12. Re1 Ne4 13. Bxe4 dxe4 14. Bxe7 Qxe7 15. Nd2 f5 16. Ne2 cxd4 17. Nxd4 Ne5 18. Qb3+ Kh8 19. Qe6 Rae8 20. Qxe7 Rxe7 21. Rb1 Nd3 22. Red1 Bd5 23. N2b3 g5 24. Nc1 f4 25. exf4 gxf4 26. Nxd3 exd3 27. Rxd3 Rfe8 28. Rdd1 Bxa2 29. Rbc1 a6 30. f3 Kh7 31. Nf5 Re6 32. Nd6 R8e7 33. Rc6 Re1+ 34. Rxe1 Rxe1+ 35. Kf2 Rd1 36. Rxb6 Rd2+ 37. Kf1 a5 38. h3 h5 39. Kg1 Bb1 40. Ne4 Re2 41. Rb5 Kg6 42. Rg5+ Kh6 43. Rxa5 Rxb2 44. Rf5 Bxe4 45. fxe4 Re2 46. Rxf4 Kg5 47. Rf5+ Kg6 48. Re5 h4 49. Kf1 Ra2 50. Rd5 Ra8 51. Kf2 Re8 52. Kf3 Rf8+ 53. Kg4 Re8 54. Rg5+ Kf6 55. e5+ Rxe5 56. Rxe5 Kxe5 57. Kxh4 1-0

[Event "Niedersachsen-ch U16/18 Girls"]
[Site "Borkum"]
[Date "2004.04.08"]
[Round "8"]
[White "Hoffrogge, Sarah"]
[Black "Schiborr, Corinna"]
[Result "1/2-1/2"]
[WhiteElo "1286"]
[BlackElo "1365"]
[PlyCount "53"]
[EventDate "2004.04.??"]
[EventType "swiss"]
[EventRounds "9"]
[EventCountry "GER"]
[SourceTitle "EXT 2005"]
[Source "ChessBase"]
[SourceDate "2004.11.15"]
[SourceVersion "1"]
[SourceVersionDate "2004.11.15"]
[SourceQuality "1"]

1. e4 e5 2. Nc3 Nc6 3. Bc4 Nf6 4. d3 Bc5 5. Bg5 d6 6. h3 Be6 7. Nd5 Bxd5 8. Bxd5 h6 9. Bh4 g5 10. Bg3 Nxd5 11. exd5 Ne7 12. Qf3 Qd7 13. Ne2 Ng6 14. h4 0-0-0 15. hxg5 hxg5 16. Rxh8 Rxh8 17. 0-0-0 f5 18. d4 Bb6 19. dxe5 dxe5 20. Qd3 e4 21. Qc4 Rh6 22. d6 Rh8 23. dxc7 Qe7 24. Rd8+ Rxd8 25. cxd8Q+ Kxd8 26. Qg8+ Qe8 27. Qd5+ 1/2-1/2

[Event "Niedersachsen-ch U14 Girls"]
[Site "Rotenburg"]
[Date "2003.04.18"]
[Round "9"]
[White "Cassens, Madeline"]
[Black "Schiborr, Corinna"]
[Result "0-1"]
[WhiteElo "861"]
[BlackElo "1220"]
[PlyCount "66"]
[EventDate "2003.04.??"]
[EventType "swiss"]
[EventRounds "9"]
[EventCountry "GER"]
[SourceTitle "EXT 2005"]
[Source "ChessBase"]
[SourceDate "2004.11.15"]
[SourceVersion "1"]
[SourceVersionDate "2004.11.15"]
[SourceQuality "1"]

1. e4 e5 2. Nf3 Nc6 3. Nc3 Nf6 4. Bc4 h6 5. d4 exd4 6. Nxd4 Bc5 7. Be3 d6 8. Qd2 Ne5 9. Bb3 Bxd4 10. Bxd4 Bg4 11. h3 Bh5 12. f4 Nc6 13. g4 Bg6 14. f5 Bh7 15. 0-0-0 Qd7 16. Qd3 Na5 17. Ba4 Nc6 18. Qb5 Rb8 19. e5 a6 20. Qb3 b5 21. exf6 bxa4 22. Rhe1+ Kd8 23. fxg7 Rg8 24. Qxa4 Re8 25. Bf6+ Kc8 26. Qxa6+ Rb7 27. Ne4 Nb4 28. Nxd6+ cxd6 29. Qc4+ Kb8 30. Rxe8+ Qxe8 31. Rxd6 Qe3+ 32. Kb1 Qe1+ 33. Rd1 Qxd1# 0-1